LEADER 01150nam a2200277 4500 001 000000357480 003 CaOOAMICUS 005 20240314153517.0 008 240308s2019 it 000 u ita r 020 $a978-88-10-52169-4 040 $aSeMil$bita 100 1 $aBettazzi, Luigi,$c.$0(OLS)http://semarc/name/18965 245 13$aIl mio concilio Vaticano 2. :$bprima, durante, dopo /$cLuigi Bettazzi. 250 $a1. rist. 264 1$aBologna :$bEDB,$c2019. 300 $a93 p. ;$c19 cm 490 1 $aCammini di Chiesa 650 4$aConcilio Vaticano II <1962-1965> - Testimonianze.$0(OLS)http://semarc/subject/32401 830 0$aCammini di Chiesa.$0(OLS)http://semarc/title/9951 850 $aSeMil 852 $aSeMil$W1$xVenegono$y1$m3A I 236$j246985$B248654$CSeMilBibl$Z2$F248654 $81 961 $aScanziani don Francesco - Omaggio 996 $6020$a978-88-10-52169-4$9(OLS)http://semarc/number/299932 996 $6245$aIl mio concilio Vaticano 2. :$bprima, durante, dopo$9(OLS)http://semarc/title/447733 996 $6264$aBologna :$bEDB$9(OLS)http://semarc/publisher/29669 LEADER 00667nam a2200181 i 4500 001 000000205070 003 CaOOAMICUS 005 20110816000000.0 008 110816n it u000 u ita u 013 $a183804 040 $aSeMil$bita 245 10$aVol. 2. 490 0 $aStrumenti di studio 773 0 $aBattisti, Eugenio <1924-1989>$tAntirinascimento.$d[Milano] : Garzanti, copyr. 1989.$kStrumenti di studio [Garzanti]$w()25293 830 0$aStrumenti di studio [Garzanti].$0(OLS)http://semarc/title/7184 850 $aSeMil 852 $aSeMil$W1$xVenegono$y1$m3V III 198$j155564$B155564$CSeMilBibl$Z2$F166871 $81 996 $6245$aVol. 2$9(OLS)http://semarc/title/13458 LEADER 00697nam a2200181 i 4500 001 000000127273 003 CaOOAMICUS 005 20040609000000.0 008 040609s1959 it u000 u ita u 013 $a99981 040 $aSeMil$bita 245 10$aH-Kon. 300 $aXXXII, 1806 col., 20 c. di tav., 7 c. geografiche. 700 1 $aGalling, Kurt.$0(OLS)http://semarc/name/5635 773 0 $tReligion in Geschichte und Gegenwart.$b3., völlig neu bearbeitete Auflage.$dTübingen : J.C.B. Mohr, Paul Siebeck, 1957-1965.$gBand3$w()11749 850 $aSeMil 852 $aSeMil$W1$xVenegono$y1$mSL1.Q VIII 18$j81588$B81588$CSeMilBibl$Z2$F83711 $8I 996 $6245$aH-Kon$9(OLS)http://semarc/title/187819